The buried circle

Bibliographic Details
Main Author: Mills, Jenni
Format: Book
Published: London : HarperPress , 2009
Subjects:

MARC

LEADER 00000cam a2200000 7i4500
001 0000150607
005 20110824.0
020 |a 9780007251230 
090 0 0 |a F   |b MIL 
100 1 |a Mills, Jenni 
245 1 4 |a The buried circle   |c Jenni Mills 
260 |a London :   |b HarperPress ,   |c 2009 
300 |a 505p. ;   |c 20cm. 
650 0 0 |a Fiction 
999 |a 00252012   |b BUKU   |c PINJAMAN   |e PERPUSTAKAAN KOMUNITI PETALING JAYA